000 00483nam a2200193Ia 4500
005 20140405092354.0
008 140130s9999 xx 000 0 und d
020 _a0439366461
050 _aPZ 8
_b.M829Com 2002
100 _aMoran, Alex.
_931069
245 _cAlex Moran.
_aCome Here, Tiger! /
260 _bScholastic,
_c2000.
_aUSA :
300 _a24 p. :
_bill. col. ;
_c22 cm.
440 _v1
_931070
521 _aBR
526 _cBR
942 _cBK
_2lcc
999 _c41475
_d41475